000 00315nam a22001337a 4500
020 _a978-81-310-1980-1
082 _a823
_bMAN/A
100 _aMANOJ PUBLICATIONS
245 _aALADDIN AND THE MAGIC LAMP
260 _aDELHI
_bMANOJ PUBLICATIONS
300 _a17
650 _aENGLISH SHORT STORY
_zDELHI
942 _cBK
999 _c3093
_d3093